000 00701nam a2200253 i 4500
001 C2-0324228
003 PPAK
005 20180728122622.0
008 131204s2009 nyua|||| ||||| | eng d
020 _a9780805841701
040 _aPPAK
_beng
_cPPAK
_erda
082 0 4 _a305.3
_223
090 0 0 _a305.3
_bOWE
_dLCK
100 1 _aOwen Blakemore,Judith E.,
_eauthor
245 1 0 _aGender Development
264 1 _aNew York :
_bPsychology Press Taylor & Francis Group ,
_c2009
300 _a(ix), 519 pages :
_billustrations ;
_c25 cm
336 _2rdacontent
_atext
337 _2rdamedia
_aunmediated
338 _2rdacarrier
_avolume
500 _aHadiah
700 _eauthor
942 _ddc
_cB
999 _c124204
_d124204